Baldi's basics characters - Statistics

General Stats
  • This quiz has been taken 295 times
  • The average score is 2 of 7
Answer Stats
Hint Answer % Correct
# Baldi
98%
# Playtime
81%
# 1st prize
34%
# This is a bully
18%
# Arts and crafts
13%
# I love the drum
2%
# The principle of the thing
1%
No matching quizzes found
Score Distribution
Percent of People with Each Score
Percentile by Number Answered
Your Score History
You have not taken this quiz